| 000 | 00480nam a2200169 i 4500 | ||
|---|---|---|---|
| 001 | 93653 | ||
| 003 | ES-MaACL | ||
| 005 | 20230906181303.0 | ||
| 007 | t| | ||
| 008 | 050415s1970 sp ||||1| spa d | ||
| 100 | 1 |
_aLópez Cortezo, Carlos. _973511 |
|
| 245 | 1 | 0 |
_aMiguel Bakunin _b: (apuntes biográficos) / _cCarlos López Cortezo. |
| 250 | _a[2ª ed.]. | ||
| 260 |
_aAlgorta (Vizcaya) : _bZero, _c1970. |
||
| 300 |
_a47 p. ; _c17 cm. |
||
| 852 |
_aES-MaACL _j2073-F-6 _bR.73927 |
||
| 999 |
_c93653 _d93653 |
||